000 01025cam a22002411i 4500
003 SA_RiAUC
005 20260204143023.0
008 260203s2005____su g 000 0 ara c
040 _aSA-JeALM
_bara
_cSA-RiAUC
_erda
082 0 4 _a252.5
_qSA-RiAUC
090 _a252.5
_bق ل م
100 1 _aالقلموني، طلال بن محمد ملاط
_eمؤلف.
245 1 0 _aوقفات مع الحج
_bمناسكه أسراره آدابه والتنبيه على أهم الأخطاء التي يقع فيها الحجاج
_cإعداد أبي عمر طلال بن محمد ملاط القلموني
250 _aالطبعة الثانية.
264 1 _aبيروت :
_bمؤسسة الريان.
_c2010
300 _a182 صفحة ؛
_c20 سم.
336 _aنص
_btxt
_2rdacontent
_3كتاب
337 _aبدون وسيط
_bn
_2rdamedia
650 7 _aالحج (فقه إسلامي)
_2aucsh
650 7 _aالحج (فقه إسلامي)
_xمناسك
_2aucsh
942 _2ddc
_cBOOK
_n0
949 _aSA-JeALM
_d260203
_uosman123
_n1
999 _c14248
_d14248